000 00349nam a2200145Ia 4500
003 OSt
005 20240301105546.0
008 170524s9999 xx 000 0 und d
020 _a978-8179650660
040 _cIIMT UNIVERSITY
100 _aHARI MOHAN
245 0 _a SAMPADAN KALA AUR PROOF PATHAN
260 _bN DELHI TAKSHSHILA
942 _2ddc
_c02
999 _c9269
_d9269